[Event "29. Staufer-Open (A)"]
[Site "?"]
[Date "2017.01.03"]
[Round "4"]
[White "Keymer, Vincent"]
[Black "Richter, Gerald"]
[Result "1-0"]
[WhiteElo "2428"]
[BlackElo "2104"]
[PlyCount "85"]
[EventDate "2017.??.??"]
[WhiteTeam "SK Gau-Algesheim"]
[BlackTeam "Siegener SV"]

1. d4 Nf6 2. c4 e6 3. Nf3 b6 4. g3 Bb4+ 5. Nbd2 O-O 6. Bg2 Bb7 7. O-O d5 8.
cxd5 exd5 9. a3 Bd6 10. b3 Nbd7 11. Bb2 Re8 12. e3 a5 13. Nh4 g6 14. Nc4 Bf8
15. Ne5 Bg7 16. Nhf3 Ne4 17. Qc2 c5 18. Nxd7 Qxd7 19. dxc5 Bxb2 20. c6 Qxc6 21.
Qxb2 Qc3 22. Qxc3 Nxc3 23. Nd4 Ba6 24. Rfc1 Rac8 25. Rc2 Rc7 26. Bh3 Bd3 27.
Rd2 Bb1 28. Bf1 g5 29. h3 Ree7 30. g4 Rc8 31. Ba6 Ra8 32. Ne2 Nxe2+ 33. Bxe2
Be4 34. Rc1 Raa7 35. f3 Bg6 36. Kf2 Rad7 37. Rc6 Re6 38. Bb5 Rdd6 39. Rxd6 Rxd6
40. Bc4 dxc4 41. Rxd6 cxb3 42. Rxb6 Bc2 43. a4 1-0

[Event "29. Staufer-Open (A)"]
[Site "?"]
[Date "2017.01.03"]
[Round "4"]
[White "Skembris, Spyridon"]
[Black "Wettengel, Alexander"]
[Result "1-0"]
[WhiteElo "2388"]
[BlackElo "2090"]
[PlyCount "61"]
[EventDate "2017.??.??"]
[WhiteTeam "SC Grunbach"]
[BlackTeam "Stuttgarter SF"]

1. c4 e6 2. g3 c5 3. Nf3 Nf6 4. Bg2 d5 5. cxd5 Nxd5 6. Nc3 Nc6 7. O-O Be7 8. d4
cxd4 9. Nxd4 Nxd4 10. Qxd4 Nxc3 11. Qxc3 O-O 12. Be3 Bf6 13. Qa3 Qd7 14. Qb3 e5
15. Bd5 Qh3 16. Bc5 Rd8 17. Bxf7+ Kh8 18. Rad1 Rd4 19. Bxd4 exd4 20. Bd5 Qh5
21. Bf3 Qe5 22. e3 dxe3 23. Qxe3 Bh3 24. Rfe1 Qxe3 25. Rxe3 Bxb2 26. Bxb7 Rf8
27. Bc6 Bg4 28. Rd5 Kg8 29. Bd7 Bf3 30. Be6+ Kh8 31. Rxf3 1-0

[Event "29. Staufer-Open (A)"]
[Site "?"]
[Date "2017.01.03"]
[Round "4"]
[White "Wöllermann, Jan"]
[Black "Gebhardt, Uwe"]
[Result "1-0"]
[WhiteElo "2384"]
[BlackElo "2080"]
[PlyCount "85"]
[EventDate "2017.??.??"]
[WhiteTeam "AE Magdeburg"]
[BlackTeam "SC Weiße Dame Ulm"]

1. d4 g6 2. c4 Bg7 3. Nf3 d6 4. Nc3 Nc6 5. d5 Ne5 6. Nxe5 Bxe5 7. e4 Bg7 8. Bd3
e5 9. Be3 Nf6 10. f3 a6 11. O-O O-O 12. c5 Ne8 13. cxd6 cxd6 14. Na4 f5 15. Qb3
fxe4 16. fxe4 Rxf1+ 17. Rxf1 b5 18. Nb6 Rb8 19. Nxc8 Qxc8 20. h3 Qb7 21. Rc1
Bf6 22. Rc6 Bd8 23. Be2 Kg7 24. Qc2 h6 25. Qc1 g5 26. b3 a5 27. a3 Ra8 28. Qf1
Rb8 29. Bg4 Qf7 30. Qe2 Qe7 31. Bf5 Nf6 32. g3 Qf8 33. Qd2 Nh5 34. Kg2 Nf6 35.
h4 Nh7 36. Bxh7 Kxh7 37. hxg5 hxg5 38. Bxg5 Bb6 39. Be3 Bd8 40. Qd1 Be7 41.
Qh5+ Kg8 42. Bg5 Rb7 43. Qg6+ 1-0

[Event "29. Staufer-Open (A)"]
[Site "?"]
[Date "2017.01.03"]
[Round "4"]
[White "Hacker, Jonas"]
[Black "Weber, Rainer"]
[Result "1-0"]
[WhiteElo "2382"]
[BlackElo "2051"]
[PlyCount "63"]
[EventDate "2017.??.??"]
[WhiteTeam "SC Eppingen"]
[BlackTeam "SF Deizisau"]

1. e4 d5 2. exd5 Nf6 3. Bb5+ Bd7 4. Bc4 Bg4 5. f3 Bc8 6. Nc3 c6 7. dxc6 Nxc6 8.
Nge2 e5 9. O-O Bc5+ 10. Kh1 Bf5 11. Ng3 Bg6 12. d3 O-O 13. a3 Nh5 14. Nxh5 Bxh5
15. Ne4 Be7 16. b4 Kh8 17. Bb2 f5 18. Ng3 Bg6 19. Ne2 f4 20. b5 Nd4 21. Nxd4
exd4 22. Re1 Bh4 23. Re5 Rf5 24. Rxf5 Bxf5 25. Qg1 Qf8 26. Bxd4 Re8 27. Bf2 Qf6
28. Re1 Rf8 29. Bxh4 Qxh4 30. Re5 h5 31. Qc5 Qf6 32. Qe7 1-0

[Event "29. Staufer-Open (A)"]
[Site "?"]
[Date "2017.01.03"]
[Round "4"]
[White "Bogdanov, Egor"]
[Black "Oberndörfer, Frank"]
[Result "1-0"]
[WhiteElo "2379"]
[BlackElo "2040"]
[PlyCount "63"]
[EventDate "2017.??.??"]
[WhiteTeam "SF Gerresheim"]
[BlackTeam "SF Ravensburg"]

1. e4 g6 2. d4 Bg7 3. Nf3 d6 4. Bc4 Nf6 5. Nc3 c6 6. O-O O-O 7. e5 Ne8 8. Re1
Bg4 9. h3 Bxf3 10. Qxf3 dxe5 11. dxe5 e6 12. Be3 Nd7 13. Bf4 Nc7 14. Rad1 Nd5
15. Bg3 Qe7 16. Bb3 N7b6 17. Ne4 Rad8 18. c4 Nb4 19. a3 Na6 20. Qf4 Rxd1 21.
Rxd1 Rd8 22. Rxd8+ Qxd8 23. Bh4 Qf8 24. Nf6+ Kh8 25. Bg5 Nc5 26. Qh4 h6 27. Ng4
Kh7 28. Be7 Qe8 29. Bxc5 Qd7 30. Be3 h5 31. Nf6+ Bxf6 32. Qxf6 1-0

[Event "29. Staufer-Open (A)"]
[Site "?"]
[Date "2017.01.03"]
[Round "4"]
[White "Hahn, Markus"]
[Black "Fellhauer, Clemens"]
[Result "1-0"]
[WhiteElo "2324"]
[BlackElo "2025"]
[PlyCount "73"]
[EventDate "2017.??.??"]
[WhiteTeam "Kasseler SK"]
[BlackTeam "SK Mühlhausen"]

1. d4 c5 2. d5 f5 3. g3 g6 4. Nh3 Bg7 5. Nf4 Nf6 6. Nc3 O-O 7. Bg2 e5 8. dxe6
dxe6 9. Qxd8 Rxd8 10. e4 Nc6 11. Be3 Nxe4 12. Nxe4 fxe4 13. c3 e5 14. Ne2 b6
15. Bxe4 Bb7 16. g4 Na5 17. Ng3 Bxe4 18. Nxe4 Nc4 19. Rb1 Nxe3 20. fxe3 h6 21.
Ke2 Kf7 22. a4 Ke7 23. Rhf1 c4 24. Rf3 Rf8 25. Rxf8 Bxf8 26. Rf1 Rb8 27. Rf6 b5
28. a5 b4 29. Rxg6 bxc3 30. bxc3 Rb2+ 31. Kf3 Rxh2 32. Ra6 Ra2 33. Rxa7+ Ke6
34. Ra6+ Kd7 35. Ra8 Be7 36. a6 Kc6 37. Rh8 1-0

[Event "29. Staufer-Open (A)"]
[Site "?"]
[Date "2017.01.03"]
[Round "4"]
[White "Wagner, Hans"]
[Black "Frischmann, Rick"]
[Result "0-1"]
[WhiteElo "2096"]
[BlackElo "2323"]
[PlyCount "66"]
[EventDate "2017.??.??"]
[WhiteTeam "MTV Ingolstadt"]
[BlackTeam "SC Schwarzenbach"]

1. e4 c5 2. Nf3 e6 3. d4 cxd4 4. Nxd4 a6 5. Nc3 Qc7 6. g3 Bb4 7. Nde2 Be7 8.
Bg2 Nc6 9. O-O Nf6 10. b3 b5 11. Bb2 Bb7 12. Nf4 h5 13. Nd3 d6 14. a4 b4 15.
Na2 h4 16. Qe2 hxg3 17. hxg3 a5 18. Bf3 Qb6 19. Bg2 Rc8 20. Rac1 Ba6 21. Rfe1
e5 22. Qd2 O-O 23. c3 bxc3 24. Rxc3 Nd4 25. b4 Bc4 26. Ba3 Bxa2 27. Rxc8 Rxc8
28. Qxa2 Rc2 29. Qb1 Ng4 30. bxa5 Ne2+ 31. Kh1 Nxf2+ 32. Nxf2 Qxf2 33. Rxe2
Rxe2 0-1

[Event "29. Staufer-Open (A)"]
[Site "?"]
[Date "2017.01.03"]
[Round "4"]
[White "Gabriel, Josef"]
[Black "Wichmann, Cliff"]
[Result "0-1"]
[WhiteElo "2123"]
[BlackElo "2319"]
[PlyCount "92"]
[EventDate "2017.??.??"]
[WhiteTeam "Stuttgarter SF"]
[BlackTeam "ESV Nickelhütte Aue"]

1. e4 e6 2. d3 d5 3. Nd2 Nf6 4. Ngf3 b6 5. g3 dxe4 6. dxe4 Bb7 7. Bd3 Nbd7 8.
O-O Nc5 9. Qe2 Nxd3 10. cxd3 Be7 11. Nc4 O-O 12. Bf4 c5 13. a4 Qd7 14. Nfe5 Qe8
15. Rfd1 Rd8 16. Bd2 Nd7 17. Bc3 Nxe5 18. Bxe5 f6 19. Bc3 Qc6 20. f3 Rd7 21.
Kg2 Rfd8 22. Rd2 Bf8 23. h4 Rf7 24. Qd1 Qe8 25. b3 Rfd7 26. Qe2 e5 27. g4 Qe6
28. Rf1 a6 29. Rb1 b5 30. Ne3 g6 31. Ba5 Rc8 32. Rc2 Rc6 33. axb5 axb5 34. Nd5
Rxd5 35. exd5 Qxd5 36. b4 f5 37. gxf5 gxf5 38. bxc5 Rg6+ 39. Kh2 Qd4 40. Qf2
Qf4+ 41. Kh3 Bxf3 42. Rg1 Bg4+ 43. Rxg4 Qxg4+ 44. Kh2 Bh6 45. Be1 Bf4+ 46. Kh1
Qh3+ 0-1

[Event "29. Staufer-Open (A)"]
[Site "?"]
[Date "2017.01.03"]
[Round "4"]
[White "Barchuk, Irina"]
[Black "Kersten, Uwe"]
[Result "0-1"]
[WhiteElo "2105"]
[BlackElo "2280"]
[PlyCount "92"]
[EventDate "2017.??.??"]
[BlackTeam "Kasseler SK"]

1. e4 c5 2. Nf3 e6 3. d4 cxd4 4. Nxd4 a6 5. Bd3 Bc5 6. Nb3 Be7 7. Nc3 d6 8. O-O
Nf6 9. f4 Nbd7 10. Qf3 Qc7 11. Bd2 b5 12. Rae1 Bb7 13. Nd1 Rc8 14. Qg3 g6 15.
Nf2 Nc5 16. Nxc5 Qxc5 17. a3 O-O 18. Kh1 e5 19. Nh3 Qc7 20. f5 Qd8 21. Bh6 Re8
22. fxg6 fxg6 23. Re3 Qd7 24. Qf2 Bf8 25. Qxf6 Bxh6 26. Ref3 Rf8 27. Qh4 Rxf3
28. Rxf3 Qg7 29. Nf2 Rf8 30. c4 Rxf3 31. gxf3 Qf8 32. Kg2 bxc4 33. Bxc4+ Kg7
34. Ng4 Bc1 35. Qe1 Qf4 36. Qe2 a5 37. b4 axb4 38. axb4 h5 39. Nf2 Be3 40. Nh3
Qh6 41. Bb3 Bd4 42. Qc2 Qe3 43. b5 Bc5 44. Qc4 d5 45. exd5 Qd2+ 46. Kf1 Bc8 0-1

[Event "29. Staufer-Open (A)"]
[Site "?"]
[Date "2017.01.03"]
[Round "4"]
[White "Gießmann, Stephan"]
[Black "Hehn, Hartmut"]
[Result "1/2-1/2"]
[WhiteElo "2250"]
[BlackElo "2018"]
[PlyCount "45"]
[EventDate "2017.??.??"]
[WhiteTeam "SK Kelheim"]
[BlackTeam "SV Ebersbach"]

1. d4 g6 2. Nf3 Bg7 3. c3 d5 4. Bg5 Nd7 5. e3 Ngf6 6. Nbd2 c6 7. Bd3 a5 8. O-O
O-O 9. h3 Re8 10. e4 dxe4 11. Nxe4 Nxe4 12. Bxe4 Qc7 13. Re1 e5 14. Bc2 b6 15.
Qd2 Bb7 16. dxe5 Nxe5 17. Nxe5 Bxe5 18. Rad1 c5 19. Ba4 Bc6 20. Bxc6 Qxc6 21.
f4 Bf6 22. Bxf6 Qxf6 23. a3 1/2-1/2

[Event "29. Staufer-Open (A)"]
[Site "?"]
[Date "2017.01.03"]
[Round "4"]
[White "Holle, Cedric"]
[Black "Hecht, Carsten"]
[Result "0-1"]
[WhiteElo "2043"]
[BlackElo "2240"]
[PlyCount "44"]
[EventDate "2017.??.??"]
[WhiteTeam "SVG Saarbrücken"]
[BlackTeam "LSV Turm Lippstadt"]

1. e4 c5 2. Nf3 e6 3. d4 cxd4 4. Nxd4 Nc6 5. Nc3 Qc7 6. Be3 a6 7. Nxc6 bxc6 8.
Bd3 Nf6 9. O-O d5 10. Qe2 Be7 11. f4 c5 12. e5 Nd7 13. Qg4 d4 14. f5 dxc3 15.
fxe6 fxe6 16. Qxg7 Qxe5 17. Qf7+ Kd8 18. Bf4 Qd4+ 19. Kh1 cxb2 20. Rae1 Rf8 21.
Qxe6 Rxf4 22. Qxe7+ Kc7 0-1

[Event "29. Staufer-Open (A)"]
[Site "?"]
[Date "2017.01.03"]
[Round "4"]
[White "Günther, Christian"]
[Black "Akhras, Khaled"]
[Result "0-1"]
[WhiteElo "2034"]
[BlackElo "2197"]
[PlyCount "74"]
[EventDate "2017.??.??"]
[WhiteTeam "SG Turm Albstadt"]

1. d4 e6 2. c4 d5 3. Nc3 a6 4. e4 dxe4 5. Nxe4 Bb4+ 6. Nc3 Nf6 7. Nf3 O-O 8.
Bd3 c5 9. a3 Ba5 10. O-O cxd4 11. Nxd4 e5 12. Nde2 Be6 13. Bg5 Bxc3 14. Nxc3
Nbd7 15. Ne4 h6 16. Nxf6+ Nxf6 17. Bh4 Rc8 18. Qe2 e4 19. Bxf6 exd3 20. Qxe6
fxe6 21. Bxd8 Rfxd8 22. b3 b5 23. cxb5 axb5 24. a4 Rc3 25. axb5 Rxb3 26. Rfd1
Rxb5 27. f3 Rb2 28. Rab1 Rc2 29. Rdc1 Kf7 30. Kf1 Kf6 31. Re1 Rd6 32. Ra1 Rb6
33. Rab1 Rxb1 34. Rxb1 Ke5 35. Re1+ Kd4 36. Rxe6 Rc1+ 37. Kf2 d2 0-1

[Event "29. Staufer-Open (A)"]
[Site "?"]
[Date "2017.01.03"]
[Round "4"]
[White "Lenz, Jonas"]
[Black "Höglauer, Patrick"]
[Result "0-1"]
[WhiteElo "2013"]
[BlackElo "2195"]
[PlyCount "52"]
[EventDate "2017.??.??"]
[WhiteTeam "SK Bad Homburg"]
[BlackTeam "SC Grunbach"]

1. d4 Nf6 2. c4 e6 3. g3 Bb4+ 4. Bd2 c5 5. Bxb4 cxb4 6. Bg2 O-O 7. e4 d6 8. Ne2
e5 9. a3 bxa3 10. Nxa3 Bg4 11. Nb5 Qb6 12. O-O Rd8 13. h3 Bd7 14. dxe5 dxe5 15.
Qd6 Nc6 16. Nec3 Na5 17. c5 Qxd6 18. cxd6 Bxb5 19. Nxb5 Nc6 20. Rfd1 a6 21. Nc3
Ne8 22. Na4 Nxd6 23. Nc5 Nd4 24. f4 f6 25. Nd3 Nc4 26. Kf2 Nc2 0-1

[Event "29. Staufer-Open (A)"]
[Site "?"]
[Date "2017.01.03"]
[Round "4"]
[White "Schnabel, Andreas"]
[Black "Heimrath, Reiner"]
[Result "0-1"]
[WhiteElo "1994"]
[BlackElo "2182"]
[PlyCount "52"]
[EventDate "2017.??.??"]
[WhiteTeam "SC Grunbach"]
[BlackTeam "SC Noris-Tarrasch Nürnberg"]

1. d4 d6 2. c4 e5 3. e4 Nc6 4. d5 Nce7 5. Be3 f5 6. f3 Nf6 7. Nc3 Ng6 8. Qc2
fxe4 9. Nxe4 Nxe4 10. fxe4 Be7 11. Nf3 Nh4 12. c5 O-O 13. Nxh4 Bxh4+ 14. g3 Bg5
15. Qd2 Bxe3 16. Qxe3 Bg4 17. Be2 Bxe2 18. Kxe2 Qe8 19. Qb3 Qh5+ 20. Ke1 Rf3
21. Qd1 Raf8 22. Rc1 Qh6 23. Rc2 Rxg3 24. cxd6 cxd6 25. Qd2 Qh3 26. Rc3 Rxc3
0-1

[Event "29. Staufer-Open (A)"]
[Site "?"]
[Date "2017.01.03"]
[Round "4"]
[White "Walter, Kevin"]
[Black "Hoffmann, Sebastian"]
[Result "1-0"]
[WhiteElo "2178"]
[BlackElo "1997"]
[PlyCount "69"]
[EventDate "2017.??.??"]
[WhiteTeam "SK Sontheim/Brenz"]
[BlackTeam "SC Noris-Tarrasch Nürnberg"]

1. e4 e5 2. Nf3 Nc6 3. Bb5 a6 4. Bxc6 dxc6 5. O-O Bg4 6. h3 h5 7. d3 Qf6 8. Be3
Bxf3 9. Qxf3 Qxf3 10. gxf3 Bd6 11. Nd2 Ne7 12. Rfb1 Kd7 13. b4 g5 14. c4 Nc8
15. c5 Bf8 16. Nc4 Ke6 17. Na5 Rb8 18. a4 Na7 19. Kf1 Rg8 20. Ke2 f6 21. Nc4
Be7 22. Ra2 f5 23. exf5+ Kxf5 24. Rd2 g4 25. hxg4+ hxg4 26. Rh1 gxf3+ 27. Kxf3
Rh8 28. Rdd1 Rbd8 29. Ke2 Ke6 30. Rdg1 Rdg8 31. Rg6+ Kd5 32. Rxh8 Rxh8 33. Bc1
e4 34. Ne3+ Ke5 35. Bb2+ 1-0

[Event "29. Staufer-Open (B)"]
[Site "?"]
[Date "2017.01.03"]
[Round "4"]
[White "Schmidt, Markus"]
[Black "Junger, Ulrich"]
[Result "0-1"]
[WhiteElo "1890"]
[BlackElo "1995"]
[PlyCount "54"]
[EventDate "2017.??.??"]
[WhiteTeam "Stuttgarter SF"]
[BlackTeam "SV Ebersbach"]

1. d4 d6 2. Bf4 Nf6 3. e3 c6 4. Bd3 Qb6 5. b3 Nbd7 6. Nf3 g6 7. Nbd2 Bg7 8. c4
Nh5 9. Bg3 Nxg3 10. hxg3 c5 11. d5 Ne5 12. Nxe5 Bxe5 13. Rc1 Qa5 14. Rc2 Bd7
15. f4 Bg7 16. g4 O-O-O 17. Kf2 e5 18. f5 h5 19. Ne4 Qc7 20. Ng5 Rdf8 21. Kg1
Bh6 22. fxg6 fxg6 23. Bxg6 Bxg5 24. Rxh5 Bxe3+ 25. Kh2 Qd8 26. Qe1 Bf4+ 27. g3
Bxg4 0-1

[Event "29. Staufer-Open (B)"]
[Site "?"]
[Date "2017.01.03"]
[Round "4"]
[White "Zirlik, Rudi"]
[Black "Gheng, Simona"]
[Result "1/2-1/2"]
[WhiteElo "1872"]
[BlackElo "1975"]
[PlyCount "59"]
[EventDate "2017.??.??"]
[WhiteTeam "SV Unterkochen"]
[BlackTeam "SF Deizisau"]

1. d4 d5 2. g3 Nf6 3. Bg2 e6 4. c4 c6 5. Nf3 Be7 6. O-O O-O 7. Bg5 h6 8. Bf4 b6
9. Qa4 Bb7 10. Nbd2 c5 11. dxc5 Bxc5 12. b4 Bd6 13. Bxd6 Qxd6 14. c5 bxc5 15.
bxc5 Qd7 16. Qa3 Nc6 17. Rfd1 Qc7 18. Nb3 a5 19. Rac1 Ba6 20. Nfd4 Nxd4 21.
Nxd4 e5 22. Nf5 Bxe2 23. Rd2 Bg4 24. Ne3 Be6 25. Nxd5 Bxd5 26. Bxd5 Rad8 27.
Rcd1 Nxd5 28. Rxd5 Rxd5 29. Rxd5 Rb8 30. Qd3 1/2-1/2

[Event "29. Staufer-Open (B)"]
[Site "?"]
[Date "2017.01.03"]
[Round "4"]
[White "Schlötterer, Hermann"]
[Black "Vengring, Antal"]
[Result "1/2-1/2"]
[WhiteElo "1836"]
[BlackElo "1928"]
[PlyCount "58"]
[EventDate "2017.??.??"]
[WhiteTeam "Zabo-Eintracht Nürnberg"]
[BlackTeam "Post-SV Ulm"]

1. d4 d6 2. g3 e5 3. Bg2 c6 4. c4 Be7 5. Nc3 Nf6 6. e4 O-O 7. Nge2 Re8 8. O-O
h6 9. h3 Be6 10. b3 Qc8 11. Kh2 Nh7 12. f4 f6 13. f5 exd4 14. Nxd4 Bf7 15. Qg4
h5 16. Qf4 Nd7 17. Nf3 Ne5 18. Rd1 Ng5 19. Nxe5 fxe5 20. Qf2 Rd8 21. Be3 Qc7
22. Rac1 Nh7 23. Qd2 Bf6 24. Bf3 Qe7 25. Qe2 Bg5 26. Rd3 Bxe3 27. Qxe3 Qg5 28.
Qxg5 Nxg5 29. Bg2 Kf8 1/2-1/2

[Event "29. Staufer-Open (B)"]
[Site "?"]
[Date "2017.01.03"]
[Round "4"]
[White "Jäger, Hans-Ulrich"]
[Black "Schmitt, Roland"]
[Result "0-1"]
[WhiteElo "1876"]
[BlackElo "1939"]
[PlyCount "80"]
[EventDate "2017.??.??"]
[WhiteTeam "SC Sillenbuch"]
[BlackTeam "SK Großsachsen"]

1. e4 c5 2. Nf3 d6 3. c3 Nf6 4. Be2 Nc6 5. d4 cxd4 6. cxd4 Nxe4 7. d5 Qa5+ 8.
Nc3 Nxc3 9. bxc3 Ne5 10. Nxe5 dxe5 11. O-O Bd7 12. Rb1 b5 13. Bd2 Qxa2 14. Bf3
f5 15. Be3 a6 16. Bc5 Qc4 17. Bb4 a5 18. Be2 Qc8 19. Ba3 Rb8 20. c4 b4 21. Bb2
Qc7 22. c5 Rd8 23. Qc1 g6 24. c6 Bc8 25. Bc4 Bg7 26. f4 Bf6 27. Qe1 e4 28. Bxf6
exf6 29. Qh4 Qe7 30. c7 Rd6 31. Bb5+ Kf8 32. Qh6+ Qg7 33. Qh3 Qxc7 34. Rfc1
Qb6+ 35. Kh1 Kg7 36. Ba4 Bb7 37. Bb3 Rhd8 38. g4 fxg4 39. Qxg4 Bxd5 40. Bxd5
Rxd5 0-1

[Event "29. Staufer-Open (B)"]
[Site "?"]
[Date "2017.01.03"]
[Round "4"]
[White "Böhme, Andre"]
[Black "Graf, Michael"]
[Result "1-0"]
[WhiteElo "1889"]
[BlackElo "1678"]
[PlyCount "47"]
[EventDate "2017.??.??"]
[WhiteTeam "SV Hellern"]
[BlackTeam "SC Grunbach"]

1. e4 d6 2. Nf3 Nf6 3. Nc3 c5 4. d4 cxd4 5. Nxd4 g6 6. Be2 Bg7 7. Be3 O-O 8. f3
Nc6 9. Qd2 a6 10. O-O-O Bd7 11. g4 h5 12. gxh5 Nxh5 13. Rhg1 Rc8 14. Nd5 Re8
15. Rg5 Nf6 16. Rdg1 Nxd5 17. exd5 Ne5 18. h4 Nc4 19. Bxc4 Rxc4 20. h5 Qc8 21.
hxg6 f5 22. Rh5 e5 23. Qh2 Re7 24. Rh1 1-0

[Event "29. Staufer-Open (B)"]
[Site "?"]
[Date "2017.01.03"]
[Round "4"]
[White "Dilthey, Lennart"]
[Black "Deutsch, Christoph"]
[Result "1-0"]
[WhiteElo "1830"]
[BlackElo "1643"]
[PlyCount "47"]
[EventDate "2017.??.??"]
[WhiteTeam "SF Göppingen"]
[BlackTeam "SK Gründau"]

1. e4 e5 2. Nf3 Nc6 3. Bb5 a6 4. Ba4 Nf6 5. d3 d6 6. c3 Be7 7. O-O O-O 8. Re1
b5 9. Bc2 Na5 10. Nbd2 c5 11. Nf1 Nc6 12. Ng3 Be6 13. h3 Re8 14. Be3 d5 15. Ng5
Bc8 16. exd5 Nxd5 17. Qh5 Bxg5 18. Bxg5 f6 19. Bd2 Qd7 20. d4 Nde7 21. Qxh7+
Kf8 22. Nh5 Ng8 23. dxc5 Re7 24. Be3 1-0

[Event "29. Staufer-Open (A)"]
[Site "?"]
[Date "2017.01.04"]
[Round "5"]
[White "Burmakin, Vladimir"]
[Black "Miezis, Normunds"]
[Result "1/2-1/2"]
[WhiteElo "2526"]
[BlackElo "2507"]
[PlyCount "149"]
[EventDate "2017.??.??"]
[WhiteTeam "SF 90 Spraitbach"]
[BlackTeam "SC Emmendingen"]

1. d4 e6 2. c4 Bb4+ 3. Bd2 Bxd2+ 4. Qxd2 d5 5. Nc3 Nf6 6. e3 O-O 7. Nf3 b6 8.
cxd5 exd5 9. Bd3 Bb7 10. O-O Nbd7 11. b4 c6 12. a4 Qe7 13. Rfb1 a6 14. a5 b5
15. Qc2 Rfe8 16. Nd2 Qd6 17. h3 Re7 18. Nb3 Rae8 19. Ne2 g6 20. Qc3 Nh5 21. Rc1
f5 22. Nc5 Nxc5 23. Qxc5 Qf6 24. Qc2 f4 25. exf4 Nxf4 26. Nxf4 Qxf4 27. Rd1 Re6
28. Bf1 Bc8 29. Qc1 Qf6 30. Qd2 Qe7 31. Rac1 Bd7 32. Qc3 Kg7 33. Qc5 Qxc5 34.
Rxc5 Re4 35. Rcc1 Kf6 36. f3 Re3 37. Bd3 h5 38. h4 g5 39. hxg5+ Kxg5 40. Kf2 h4
41. Rd2 R3e6 42. Re2 Rxe2+ 43. Bxe2 Rd8 44. Rg1 Bf5 45. Bf1 Rh8 46. Be2 Rh6 47.
Rc1 Re6 48. Rh1 Rh6 49. Ke3 Re6+ 50. Kd2 Rh6 51. Ke3 Re6+ 52. Kf2 Rh6 53. Rd1
Rh7 54. Bf1 Re7 55. Bd3 Bxd3 56. Rxd3 Kf4 57. Rc3 Re6 58. Rc1 Kf5 59. Rh1 Kg5
60. Rh3 Rh6 61. Rh2 Rh7 62. Rh1 Re7 63. Rg1 Kf5 64. Rh1 Kg5 65. Rh3 Rh7 66. Ke3
Re7+ 67. Kd2 Re6 68. Rh1 Re7 69. Rh2 Re6 70. Rh3 Re7 71. g3 hxg3 72. Rxg3+ Kf4
73. Rg6 Kxf3 74. Rxc6 Re2+ 75. Kd3 1/2-1/2

[Event "29. Staufer-Open (A)"]
[Site "?"]
[Date "2017.01.04"]
[Round "5"]
[White "Womacka, Mathias"]
[Black "Vorobiov, Evgeny E"]
[Result "1/2-1/2"]
[WhiteElo "2435"]
[BlackElo "2585"]
[PlyCount "31"]
[EventDate "2017.??.??"]
[WhiteTeam "SK Schwäbisch Hall"]
[BlackTeam "SF 90 Spraitbach"]

1. e4 c5 2. Nf3 Nc6 3. d4 cxd4 4. Nxd4 g6 5. c4 d6 6. Nc3 Bg7 7. Be3 Qb6 8. Nb3
Bxc3+ 9. bxc3 Qc7 10. Be2 Nf6 11. Bh6 Nxe4 12. Bf3 Nc5 13. Nxc5 dxc5 14. O-O
Ne5 15. Rb1 f6 16. Re1 1/2-1/2

[Event "29. Staufer-Open (A)"]
[Site "?"]
[Date "2017.01.04"]
[Round "5"]
[White "Dgebuadze, Alexandre"]
[Black "Stets, Dmitry"]
[Result "1/2-1/2"]
[WhiteElo "2505"]
[BlackElo "2425"]
[PlyCount "95"]
[EventDate "2017.??.??"]
[BlackTeam "SF Gerresheim"]

1. Nf3 Nf6 2. d4 g6 3. g3 Bg7 4. Bg2 O-O 5. O-O d6 6. Re1 Nbd7 7. e4 e5 8. Nc3
c6 9. a4 Re8 10. h3 Qc7 11. Be3 b6 12. Qd2 a6 13. Bh6 Rb8 14. Bxg7 Kxg7 15. Nh4
b5 16. axb5 axb5 17. Nd1 Qb6 18. Ne3 Kh8 19. Red1 exd4 20. Qxd4 Qxd4 21. Rxd4
Nc5 22. Rxd6 Ncxe4 23. Rxc6 Bd7 24. Rc7 Nxg3 25. Nd5 Ngh5 26. Nxf6 Nxf6 27.
Raa7 Re1+ 28. Kh2 Be6 29. Nf3 Re2 30. Ng5 Rxf2 31. Kg1 Rf5 32. Nxf7+ Bxf7 33.
Rxf7 Rd8 34. Ra1 Kg8 35. Rc7 Rg5 36. Kh1 Nh5 37. Ra8 Rxa8 38. Bxa8 Nf4 39. Kh2
Re5 40. Kg3 g5 41. Bf3 h6 42. b4 Re3 43. c4 bxc4 44. Rxc4 Nxh3 45. Rc8+ Kg7 46.
Rc7+ Kf6 47. Rc6+ Kg7 48. Rc7+ 1/2-1/2

[Event "29. Staufer-Open (A)"]
[Site "?"]
[Date "2017.01.04"]
[Round "5"]
[White "Zeller, Frank"]
[Black "Gavrilov, Alexei"]
[Result "1-0"]
[WhiteElo "2389"]
[BlackElo "2498"]
[PlyCount "71"]
[EventDate "2017.??.??"]
[WhiteTeam "SK Schwäbisch Hall"]

1. e4 c6 2. d4 d5 3. e5 Bf5 4. Nf3 e6 5. Be2 c5 6. Be3 Qb6 7. Nc3 Nc6 8. O-O
Qxb2 9. Qe1 cxd4 10. Bxd4 Nxd4 11. Nxd4 Bb4 12. Ndb5 Ba5 13. Rb1 Qxc2 14. Rc1
Qb2 15. g4 Bg6 16. f4 Be4 17. Rf2 Kf8 18. Kf1 Rc8 19. Bf3 Qb4 20. a3 Bd3+ 21.
Kg2 Qxf4 22. Nd6 Rc7 23. Bxd5 Qxg4+ 24. Kh1 exd5 25. e6 Nf6 26. exf7 Be4+ 27.
Ndxe4 dxe4 28. Qd2 Rd7 29. Qb2 Kxf7 30. Rg1 Qe6 31. Ne2 e3 32. Rf3 Re8 33. Nf4
Qe4 34. Rxg7+ Kxg7 35. Nh5+ Kg8 36. Nxf6+ 1-0

[Event "29. Staufer-Open (A)"]
[Site "?"]
[Date "2017.01.04"]
[Round "5"]
[White "Nagy, Gabor"]
[Black "Kantor, Gergely"]
[Result "1/2-1/2"]
[WhiteElo "2433"]
[BlackElo "2448"]
[PlyCount "69"]
[EventDate "2017.??.??"]

1. e4 e5 2. Nf3 Nc6 3. Nc3 Nf6 4. d4 exd4 5. Nxd4 Bb4 6. Nxc6 bxc6 7. Bd3 d5 8.
exd5 cxd5 9. O-O O-O 10. Bg5 c6 11. Qf3 Be7 12. Rfe1 h6 13. Bxh6 gxh6 14. Qe3
d4 15. Qxh6 Qd6 16. Qg5+ Kh8 17. Qh6+ Kg8 18. Rxe7 Qxe7 19. Qg5+ Kh8 20. Qh6+
Kg8 21. Nd5 cxd5 22. Qg5+ Kh8 23. Kf1 Rd8 24. Qh6+ Kg8 25. Qg5+ Kf8 26. Qh6+
Ke8 27. Bb5+ Bd7 28. Qh8+ Qf8 29. Re1+ Ne4 30. Qe5+ Qe7 31. Qh8+ Qf8 32. Rxe4+
dxe4 33. Qe5+ Qe7 34. Qh8+ Qf8 35. Qe5+ 1/2-1/2

[Event "29. Staufer-Open (A)"]
[Site "?"]
[Date "2017.01.04"]
[Round "5"]
[White "Teske, Henrik"]
[Black "Henrich, Thomas"]
[Result "1-0"]
[WhiteElo "2498"]
[BlackElo "2224"]
[PlyCount "33"]
[EventDate "2017.??.??"]
[WhiteTeam "SV Empor Erfurt"]
[BlackTeam "SK Marburg"]

1. d4 e6 2. Nf3 d5 3. c4 Nf6 4. Nc3 Bb4 5. cxd5 exd5 6. Bg5 h6 7. Bh4 c5 8. e3
g5 9. Bb5+ Bd7 10. Bxd7+ Nbxd7 11. Bg3 Ne4 12. O-O Bxc3 13. bxc3 c4 14. Rc1 Qa5
15. Nd2 Ndf6 16. Be5 Nxd2 17. Bxf6 1-0

[Event "29. Staufer-Open (A)"]
[Site "?"]
[Date "2017.01.04"]
[Round "5"]
[White "Krassowizkij, Jaroslaw"]
[Black "Budzyn, Matthias"]
[Result "1-0"]
[WhiteElo "2447"]
[BlackElo "2171"]
[PlyCount "69"]
[EventDate "2017.??.??"]
[WhiteTeam "SV Griesheim"]
[BlackTeam "SG Turm Kiel"]

1. d4 Nf6 2. c4 g6 3. f3 d5 4. cxd5 Nxd5 5. e4 Nb6 6. Nc3 Bg7 7. Be3 O-O 8. Qd2
Nc6 9. O-O-O f5 10. e5 Nb4 11. Nh3 Be6 12. Kb1 Qd7 13. Nf4 Nc4 14. Qc1 Nxe3 15.
Qxe3 Nd5 16. Nfxd5 Bxd5 17. Nxd5 Qxd5 18. Qc3 Qd8 19. Bc4+ Kh8 20. h4 h6 21.
Be6 c6 22. h5 g5 23. Qc2 f4 24. Qe4 Qc7 25. Rhe1 c5 26. d5 Qd8 27. d6 exd6 28.
Rxd6 Qa5 29. Bc4 Qb4 30. a3 Qa4 31. Rg6 Qd7 32. Bd3 Kg8 33. Rd6 Qc7 34. Qh7+
Kf7 35. Bg6+ 1-0

[Event "29. Staufer-Open (A)"]
[Site "?"]
[Date "2017.01.04"]
[Round "5"]
[White "Kersten, Uwe"]
[Black "Keymer, Vincent"]
[Result "0-1"]
[WhiteElo "2280"]
[BlackElo "2428"]
[PlyCount "76"]
[EventDate "2017.??.??"]
[WhiteTeam "Kasseler SK"]
[BlackTeam "SK Gau-Algesheim"]

1. e4 c5 2. Nf3 e6 3. c3 Nf6 4. e5 Nd5 5. d4 cxd4 6. cxd4 d6 7. Bc4 Nc6 8. O-O
Be7 9. Re1 O-O 10. a3 Bd7 11. Bxd5 exd5 12. Nc3 Be6 13. Bf4 dxe5 14. Nxe5 Nxe5
15. Bxe5 Qd7 16. Qb3 Rfc8 17. Rad1 Rc6 18. Na4 b6 19. Nc3 f6 20. Bf4 Bf8 21. h3
Bf7 22. Na2 Rc4 23. Nc3 Rac8 24. Re3 Qb7 25. Bg3 a6 26. Ne2 b5 27. Rd2 Qc6 28.
Kh2 a5 29. Nc3 b4 30. axb4 Bxb4 31. Rdd3 Bg6 32. Rd1 Ra8 33. Ra1 Rxd4 34. Ne2
Rc4 35. Nf4 Bf7 36. Qd3 d4 37. Re4 Rd8 38. Re2 g5 0-1